| 000 | 00802nam a2200241Ia 4500 | ||
|---|---|---|---|
| 003 | OSt | ||
| 005 | 20250728104043.0 | ||
| 008 | 221004b |||||||| |||| 00| 0 eng d | ||
| 020 | _a9780367443535 (hbk) | ||
| 037 | _cTB | ||
| 040 |
_aCRL _cCRL _beng |
||
| 041 |
_2eng _aeng |
||
| 084 |
_aYZ.49G, R0 _qCRL |
||
| 245 | 0 | _aSocial welfare policies and programmes in South Asia | |
| 260 |
_aLondon, UK : _bRoutledge, _c2020. |
||
| 300 |
_axxi,321p. _ccm. |
||
| 650 |
_a SOUTH ASIA - SOCIAL CONDITIONS _9582762 |
||
| 650 | _aSOCIOLOGY | ||
| 700 |
_a Sakaguchi Haruhiko Ed. _9601520 |
||
| 700 |
_a Sheng-Li Cheng Ed. _9601521 |
||
| 942 |
_hYZ.49G, R0 _cTB _2cc _n0 |
||
| 999 |
_c969301 _d969301 |
||